| 000 | 00377nam a22001457a 4500 | ||
|---|---|---|---|
| 020 | _qPB. | ||
| 040 | _cFIZZA ISHAQ | ||
| 082 |
_a005.1 _bJEF |
||
| 100 |
_aANISZCZYK,CHRIS MCAFFER JEFF. _991037 |
||
| 245 |
_aECLIPSE RICH CLIENT PLATFORM / _cJEFF MCAFFER CHRIS ANISZCZYK. |
||
| 250 | _a2nd ED. | ||
| 260 |
_aADDITION WESLEY ; _c2010. |
||
| 300 | _a518 P. ; | ||
| 942 |
_2ddc _cBK |
||
| 999 |
_c589225 _d589225 |
||